Los Angeles Dodgers 2022 Roster - Statistics

General Stats
  • This quiz has been taken 5 times
  • The average score is 16 of 51
Answer Stats
Position Jersey Number Player % Correct
Pitcher 22 Clayton Kershaw
100%
Infielder 10 Justin Turner
100%
Outfielder 50 Mookie Betts
100%
Infielder 6 Trea Turner
100%
Catcher 16 Will Smith
100%
Catcher 15 Austin Barnes
80%
Outfielder 3 Chris Taylor
80%
Outfielder 35 Cody Bellinger
80%
Infielder 5 Freddie Freeman
80%
Infielder 13 Max Muncy
80%
Pitcher 85 Dustin May
60%
Infielder 9 Gavin Lux
60%
Pitcher 7 Julio Urias
60%
Pitcher 21 Walker Buehler
60%
Pitcher 51 Alex Vesia
40%
Pitcher 49 Blake Treinen
40%
Pitcher 33 David Price
40%
Infielder 43 Edwin Rios
40%
Pitcher 59 Evan Phillips
40%
Outfielder 77 James Outman
40%
Infielder 71 Miguel Vargas
40%
Pitcher 26 Tony Gonsolin
40%
Pitcher 48 Brusdar Graterol
20%
Pitcher 58 Chris Martin
20%
Pitcher 41 Daniel Hudson
20%
Pitcher 31 Tyler Anderson
20%
Infielder 8 Zach McKinstry
20%
Pitcher 94 Andre Jackson
0%
Pitcher 28 Andrew Heaney
0%
Pitcher 64 Caleb Ferguson
0%
Pitcher 46 Craig Kimbrel
0%
Infielder 37 Eddy Alvarez
0%
Pitcher 61 Garrett Cleavinger
0%
Infielder 17 Hanser Alberto
0%
Pitcher 56 Heath Hembree
0%
Outfielder 18 Jake Lamb
0%
Pitcher 57 Jake Reed
0%
Outfielder 12 Joey Gallo
0%
Pitcher 63 Justin Bruihl
0%
Outfielder 11 Kevin Pillar
0%
Pitcher 78 Michael Grove
0%
Pitcher 66 Mitch White
0%
Outfielder 25 Outfielder
0%
Pitcher 52 Phil Bickford
0%
Pitcher 45 Reyes Moronta
0%
Pitcher 60 Ribbie Erlin
0%
Pitcher 47 Ryan Pepiot
0%
Pitcher 25 Shane Greene
0%
Pitcher 44 Tommy Kahnle
0%
Infielder 18 Tony Wolters
0%
Pitcher 38 Yency Almonte
0%
No matching quizzes found
Score Distribution
Percent of People with Each Score
Percentile by Number Answered
Your Score History
You have not taken this quiz